<The> Transformation of immigration policies. Immigration control and nationality laws in Europe <a> comparative approach

Salvato in:
Dettagli Bibliografici
Autore principale: Weil, Patrick
Natura: Libro
Lingua:inglese
Pubblicazione: San Domenico (FI) European University Institute 1998
Serie:EUI Working Paper EUF No. 98/5
Soggetti:
Tags: Aggiungi Tag
Nessun Tag, puoi essere il primo ad aggiungerne!!

MARC

LEADER 00000nam a2200000 4500
001 c131926
005 20221109094639.6
041 0 |a eng 
044 |a IT 
245 1 0 |a <The> Transformation of immigration policies. Immigration control and nationality laws in Europe  |b <a> comparative approach  |c Patrick Weil 
264 1 |a San Domenico (FI)  |b European University Institute  |c 1998 
300 |a 65 s. 
490 1 |a EUI Working Paper EUF  |v No. 98/5 
830 0 |a EUI Working Paper EUF  |v No. 98/5 
610 2 0 |a politika medzinárodná 
610 2 0 |a imigrácia 
610 2 0 |a kontrola 
610 2 0 |a kontrola štátna 
610 2 0 |a právo porovnávacie 
610 2 0 |a právo štátne 
100 1 |a Weil, Patrick